| 000 -LEADER |
| fixed length control field |
00601nam a22002177a 4500 |
| 008 - FIXED-LENGTH DATA ELEMENTS--GENERAL INFORMATION |
| fixed length control field |
150602b xxu||||| |||| 00| 0 eng d |
| 020 ## - INTERNATIONAL STANDARD BOOK NUMBER |
| International Standard Book Number |
9780077355463 |
| 020 ## - INTERNATIONAL STANDARD BOOK NUMBER |
| International Standard Book Number |
0077355466 |
| 020 ## - INTERNATIONAL STANDARD BOOK NUMBER |
| International Standard Book Number |
9780077268343 |
| 041 0# - LANGUAGE CODE |
| Language code of text/sound track or separate title |
eng |
| 080 ## - UNIVERSAL DECIMAL CLASSIFICATION NUMBER |
| Universal Decimal Classification number |
331 |
| 100 1# - Rafti |
| Rafti |
Nickels, William G. |
| 245 10 - TITLE STATEMENT |
| Title |
Understanding business / |
| 250 ## - |
| -- |
9th ed. |
| 260 ## - |
| -- |
New York, NY : |
| -- |
McGraw-Hill Irwin, |
| -- |
2010. |
| 300 ## - |
| -- |
569 f. : |
| -- |
me il.; |
| -- |
29 cm. |
| 650 #0 - |
| -- |
Biznes |
| 700 1# - |
| -- |
McHugh, James M. |
| 700 1# - |
| -- |
McHugh, Susan M. |
| 942 ## - ADDED ENTRY ELEMENTS (KOHA) |
| Source of classification or shelving scheme |
|
| Item type |
Books |